000 00440nam a2200169Ia 4500
003 LK-CoDNM
008 010623t1914 xxu||||| |||| 00| 1 sin d
040 _aLK-CoDNM
_dLK-CoDNM
_eLK-CoDNM
041 _asin
080 _a104 E.10
245 _aශ්‍රී සුධර්මෝදය
246 _aSri Sudharmodaya
260 _bSri Sudharmodaya Samitiya
_aColombo
_c1914
300 _b8p., 21 cm
650 _aBuddhism
942 _cBK
999 _c88288
_d88288